00549 2200205 4500001002100000005001500021008004100036020002200077035001900099041000700118082001100125090001700136100002100153245004800174250000600222260003900228300003500267500001100302650003000313INLIS00000000000527120241224113053241224||||||||| | ||| |||| || |  a978-979-29-4688-8 0010-1224005271 aid0 a641.38 a641.38 NUR k0 aNURHETI YULIARTI00aKhasiat Madu untuk Kesehatan dan Kecantikan a1 aYogyakartabRAPHA PUBLISHINGc2015 a19x15 cm, vi, 138 hlm.; ilus.: aCet. 1 0akesehatan -- Ilmu Terapan